Catálogo
 En Linea

Yo, Ramfis Trujillo. (Registro nro. 43471)

Detalles MARC
000 -CABECERA
campo de control de longitud fija 01867nam a2200253 a 4500
001 - NÚMERO DE CONTROL
campo de control 000043982
003 - IDENTIFICADOR DEL NÚMERO DE CONTROL
campo de control DO-SdBNP
005 - FECHA Y HORA DE LA ÚLTIMA TRANSACCIÓN
campo de control 20220809084731.0
008 - DATOS DE LONGITUD FIJA--INFORMACIÓN GENERAL
campo de control de longitud fija 140512s2009 dr a 000 0 spa d
020 ## - NÚMERO INTERNACIONAL ESTÁNDAR DEL LIBRO
ISBN cancelado o inválido 9993490040
040 ## - FUENTE DE LA CATALOGACIÓN
Centro catalogador/agencia de origen DO-SdBNP
Lengua de catalogación spa
Centro/agencia transcriptor BNPHU
082 #4 - NÚMERO DE LA CLASIFICACIÓN DECIMAL DEWEY
Número de clasificación 972.93054
Número de documento/Ítem L579y, 2009
Número de edición 22
100 1# - ENTRADA PRINCIPAL--NOMBRE DE PERSONA
Nombre de persona León Estévez, Luis José,
Fechas asociadas al nombre 1931-
9 (RLIN) 2414
245 10 - MENCIÓN DE TÍTULO
Título Yo, Ramfis Trujillo.
250 ## - MENCIÓN DE EDICIÓN
Mención de edición 8a. ed.
260 ## - PUBLICACIÓN, DISTRIBUCIÓN, ETC.
Lugar de publicación, distribución, etc. Santo Domingo :
Nombre del editor, distribuidor, etc. Letra gráfica,
Fecha de publicación, distribución, etc. 2009.
300 ## - DESCRIPCIÓN FÍSICA
Extensión 115 p. :
Otras características físicas ils. ;
Dimensiones 22 cm.
505 0# - NOTA DE CONTENIDO CON FORMATO
Título Comentarios acerca de la obra Yo, Ramfis Trujillo --
-- ¡Gracias general! --
-- Testimonio personal del autor --
-- Yo, Ramfis Trujillo --
-- ¡Que bárbaro, ni siquiera aquí descansa! --
-- No quise ser Vicepresidente --
-- Cumplo mi sueño: hacer la mejor Fuerza Aérea --
-- Hollywood: algunas artistas compartieron mi tiempo --
-- Mi patria: entre el bisonte y el toro --
-- El entorno oficial de mi padre: buenos y malos --
-- El movimiento 14 de junio --
-- El asesinato de mi padre --
-- Tenía el poder, todo el poder --
-- Todos clamaban venganza --
-- Sí, fue un dictador --
-- La corrupción, que ahoga la modernización y decencia del país --
-- Lo que me llama es la tumba --
-- Párese a pelear --
-- Todo el mundo quería que siguiera la dictadura --
-- Empecé a "destrujillizar" el país --
-- la oposición no quería comprender --
-- Solo mi presencia impedía un golpe de estado --
-- Félix W. Bernardino asesinará al Dr. Balaguer --
-- Mi enfrentamiento con Johnny Abbes García --
-- Nunca pensé quedarme en el país --
-- Soy el responsable de esas muertes.
590 ## - NOTA LOCAL (RLIN)
Nota local Inventariado, 2019/MFF
600 14 - PUNTO DE ACCESO ADICIONAL DE MATERIA--NOMBRE DE PERSONA
Nombre de persona Trujillo Molina, Rafael Leonidas Ramfis)
Fechas asociadas al nombre 1929-1969
Subdivisión general Correspondencia memorias, etc.
9 (RLIN) 1246
651 #4 - PUNTO DE ACCESO ADICIONAL DE MATERIA--NOMBRE GEOGRÁFICO
Nombre geográfico República Dominicana
Subdivisión general Historia
-- Era De Trujillo, 1930-1961
-- Fuentes
9 (RLIN) 2415
910 ## - DATOS DE OPCIÓN DEL USUARIO (OCLC)
Datos de opción del usuario Validado. Control de calidad MFF
942 ## - ELEMENTOS DE PUNTO DE ACCESO ADICIONAL (KOHA)
Fuente del sistema de clasificación o colocación Dewey Decimal Classification
Tipo de ítem Koha Libro
Existencias
Estado de retiro Estado de pérdida Fuente del sistema de clasificación o colocación Restricciones de uso No para préstamo Código de colección Localización permanente Ubicación/localización actual Ubicación en estantería Fecha de adquisición Signatura topográfica completa Código de barras Fecha visto por última vez Número de copia Precio válido a partir de Tipo de ítem Koha
    Dewey Decimal Classification Préstamo en sala   Dominicana de Servicio Biblioteca Nacional Pedro Henríquez Ureña Biblioteca Nacional Pedro Henríquez Ureña Depósito 12.05.2014 BNPHU DS 972.93054 L579y 2009 43982-30 25.06.2020 e.3 25.06.2020 Libro
    Dewey Decimal Classification Préstamo en sala   Dominicana de Servicio Biblioteca Nacional Pedro Henríquez Ureña Biblioteca Nacional Pedro Henríquez Ureña Depósito 25.10.2019 BNPHU DS 972.93054 L579y 2009 43982-40 25.06.2020 e.4 25.06.2020 Libro
    Dewey Decimal Classification Excluido de préstamo   Patrimonio Dominicano Biblioteca Nacional Pedro Henríquez Ureña Biblioteca Nacional Pedro Henríquez Ureña Depósito 12.05.2014 BNPHU 972.93054 L579y 2009 43982-10 25.06.2020   25.06.2020 Libro
    Dewey Decimal Classification Excluido de préstamo   Patrimonio Dominicano Biblioteca Nacional Pedro Henríquez Ureña Biblioteca Nacional Pedro Henríquez Ureña Depósito 12.05.2014 BNPHU PD 972.93054 L579y 2009 43982-20 25.06.2020 e.2 25.06.2020 Libro

Con tecnología Koha